Quizzes
Events
Quiz Creation
Community
Videos
Private Events
Remove Ads
Sign In
Join for FREE
Feedback
Dark Mode
Quiz Categories
Sports
Geography
Music
Movies
Television
Just For Fun
Miscellaneous
History
Literature
Language
Science
Gaming
Entertainment
Religion
Holiday
For Kids
Quiz Lab
Recent
Popular Today
Quiz Kudos Today
Editor Picks
Curator Picks
Quizzes by...
Day
Popularity
Type
Ratings
Length
Year
Community
Subscriptions
Recent Discussions
Orange Saloon
Badges
Playlists
Quests
Create
Leaderboards
Showdown
Live 5
Trivia Bingo
Activity
Puzzle Library
Sporcle Events
Private Events
Virtual Trivia
Globe League
Become a Host
Pub Owners
SporcleCon
Opinionation
Our Games
Videos
Blog
Mobile Apps
Partnerships
Remove Ads and Go Orange
Feedback
Literature
Harry Potter
A Song of Ice and Fire
The Hunger Games
Literary Character
Shakespeare
Book
Author
Novel
Poem
Young Adult
Children's Books
Play
Lord of the Rings
Literature
Harry Potter
A Song of Ice and Fire
The Hunger Games
Literary Character
Shakespeare
Book
Author
Novel
Poem
Young Adult
Children's Books
Play
Lord of the Rings
Random Quiz
Search Sporcle
×
Quiz Lab
Quiz Lab
Literature
theatre
Type in answers that appear in a list
Type in answers that appear in a list
Classic
Best Score? Go Orange.
LA theatre quiz Stats
Can you name the years of these Latin American events?
By
livesindillon
10m
43 Questions
13 Plays
13 Plays
13 Plays
Comments
Comments
Give Quiz Kudos
Give Quiz Kudos
-
- Ratings
hide this ad
More Info
Forced Order
Answers have to be entered in order
Answers have to be entered in order
Random Order
Randomize order of answers
Randomize order of answers
Replay
Link that replays current quiz
Next Quiz
Link to next quiz in quiz playlist
You Got
0%
They Got
Avg Score
92%
Avg Friend Score
Upgrade to see
Score Distribution
Jump to the score distribution portion of the page
Score
0/43
Timer
10:00
0
Plays Today
Event
Year
% Correct
Fidel dove Speech
1959
100%
Ponce Massacre
1937
92.3%
Vieques
1999
92.3%
Tax Exemptions
1976
92.3%
Cuba Blockade
1960
92.3%
Granma
1956
92.3%
Ladies in White
2003
92.3%
Jose Marti
1895
92.3%
Fidel transfer to Raul
2006
92.3%
'special period'
1990's
92.3%
La Violencia
1953
92.3%
Assassination of Jorge Gaitan
1948
92.3%
Ingrid Bentancourt
2002
92.3%
War of 1000 Days
1902
92.3%
Drug Cartels
1970
92.3%
Colombia Constitution
1991
92.3%
mexican miracle
1940
92.3%
Mexico hosts Olympics
1968
92.3%
Tlatelolco massacre
1968
92.3%
Vicente Fox
2000
92.3%
Filipe Calderon
2006
92.3%
Muralist's movement
1930
92.3%
Event
Year
% Correct
MECHA chicano-
azatlan movement
1960
92.3%
NAFTA
1994
92.3%
Madero Assassinated
1913
92.3%
Mexico Revolution
1910
92.3%
Cristo War
1926
92.3%
Zappatista
1994
92.3%
MADI manifesto
1946
92.3%
Beagle conflict
1970
92.3%
Le Punto Final
1983
92.3%
Evita Peron
1919
92.3%
Dirty War
1976
92.3%
Falkland Island Crisis
1982
92.3%
Pinochet
9-11
92.3%
american photographer burned
1986
92.3%
great depression in chile
1931
92.3%
Allende comes to power
1970
92.3%
Chile-
US free trade
2004
92.3%
Mrs. Bachelet becomes President
2006
92.3%
student protest by the penguinos
2006
92.3%
right re-
elected for the 1st time since pinochet
2010
92.3%
truth and reconciliation
1990
92.3%
Quiz Playlist
Details
Report
Send in Message
Add To Playlist
More Info:
Enter in the year each event took place
Classic:
Type in answers that appear in a list
Forced Order:
Answers have to be entered in order
Random Order:
Randomize order of answers
Last Updated: Feb 16, 2017
Quiz Scoreboard
CHALLENGE
Sign Up to Join the Scoreboard
Show All
Scores
Hide
Comments
May contain spoilers
Recently Published
Movies - When Are They Set?
by FPL_Elf
Movies
5m
Popular People in 1961
by mucciniale
History
6m
1-10 Letter E Words III
by El_Dandy
Language
2m
More to Explore
Quiz From the Vault
Featured Blog Post
Where Did the Easter Bunny Come From?
hide this ad
You Might Also Like...
Tags
theatre
Today's Top Quizzes in Literature
Browse Literature
hide this ad
Today's Top Quizzes in theatre
Browse theatre
Top Contributed Quizzes in Literature
1
Sneaky Slytherin Logic Puzzle
2
One Thing in Common: Literature
3
Get The Picture: Black or White Literature
4
Harry Potter Neighbourly Logic Puzzle #3
5
Weasley Family Reunion: Logic Puzzle
6
One Thing in Common: Books
7
One Thing in Common: Literature II
8
Harry Potter Neighbourly Logic Puzzle #1
9
Harry Potter Neighbourly Logic Puzzle #5
10
Harry Potter Neighbourly Logic Puzzle #6
Explore More
Trending Topics
Anime
Kpop
Marvel
NBA
Disney
Harry Potter
Crossword
Pokémon
The Office
Puzzle
WWE
NFL
Soccer
Song
Country
hide this ad
More By:
livesindillon
Quiz
Plays
Rating
Category
Featured
Created
LA theatre quiz
13
Literature
May 4, 2010
Go to Creator's Profile
Score Distribution
Quiz Creator Spotlight
livesindillon
Follow
Send a Message
Quizzes Created
-
Created Quiz Play Count
-
More By This Creator
Popular Quizzes Today
1
Find the Countries of Europe - No Outlines Minefield
2
Find the US States - No Outlines Minefield
3
The Countries of the World
4
Popular People in 1961
5
US States
6
1-10 Letter E Words III
7
Find the US States
8
One Thing in Common: World Cities II
More Literature Quizzes
Quick Pick: Horror Novels
Editor's Pick
Trending Quizzes
Risky Map Clicking: Least Populous States A-Z
1-10 Letter F Words
1-10 Letter G Words
One Thing in Common: United Kingdom
Risky Map Clicking: Next State Alphabetically
Recently Updated
Leaping Animals
pecheneg
Reality TV Shows (A-Z)
bhenderson79
Rickey Henderson's Hall of Fame Teammates
pecheneg
Champions League XIs: Arsenal
pecheneg
Quick Pick: Celebrities in WWE's Hall of Fame
aduchscher
A-Z Keypad Blitz II
pecheneg
Multiple Oscar Actors
pecheneg
Mystery Phrase Blitz: Oscar 'Best Actors'
pecheneg
F. Scott Fitzgerald Novels
LTH
Pick 3 Villains
ddd62291
Trending Topics
Disney
Kpop
Anime
Crossword
NBA
Harry Potter
Marvel
The Office
Soccer
Pokémon
Country
WWE
Puzzle
Song
NFL
Your Account Isn't Verified!
In order to create a playlist on Sporcle, you need to verify the email address you used during registration. Go to your
Sporcle Settings
to finish the process.
Report this User
Report this user for behavior that violates our
Community Guidelines
.
Details:
Send Report
Go to the Sporcle.com Mobile Site →
Comments